| 000 | 00475nam a2200193Ia 4500 | ||
|---|---|---|---|
| 008 | 170705s9999 xx 000 0 und d | ||
| 020 | _a9780439446174 | ||
| 245 | _aBeyond the sunrise / | ||
| 245 | _cBen M. Baglio ; illustrated by Judith Lawton. | ||
| 260 | _aNew York : | ||
| 260 | _bScholastic, | ||
| 260 | _c2003 | ||
| 300 | _a151 pages : | ||
| 300 | _bcolor illustration ; | ||
| 300 | _c19cm. | ||
| 440 | _aDolphin diaries ; | ||
| 440 | _v10 | ||
| 500 | _a660 | ||
| 999 |
_c336221 _d336221 |
||